Atalanta Biggest Transfers - Statistics

General Stats
  • This quiz has been taken 42 times
  • The average score is 81 of 215
Answer Stats
% Correct
Incomings Denmark ST Rasmus Hojlund 22/23 Sturm Graz
100%
Outgoings Denmark ST Rasmus Hojlund 23/24 Manchester United
100%
Incomings Argentina CB Cristian Romero 21/22 Juventus
97%
Incomings Argentina CB Cristian Romero 20/21 Juventus
97%
Outgoings Argentina CB Cristian Romero 22/23 Tottenham Hotspur
97%
Incomings Italy ST Gianluca Scamacca 23/24 West Ham United
97%
Incomings Netherlands DM Marten de Roon 17/18 Middlesbrough
95%
Incomings Netherlands DM Marten de Roon 15/16 Heerenveen
95%
Outgoings Netherlands DM Marten de Roon 16/17 Middlesbrough
95%
Incomings Colombia ST Duvan Zapata 18/19 Sampdoria
92%
Incomings Colombia ST Duvan Zapata 19/20 Sampdoria
92%
Incomings Croatia AM Mario Pasalic 20/21 Chelsea
92%
Incomings Croatia AM Mario Pasalic 18/19 Chelsea
92%
Incomings Denmark RB Joakim Maehle 20/21 Genk
89%
Outgoings Denmark RB Joakim Maehle 23/24 Wolfsburg
89%
Incomings Colombia ST Luis Muriel 19/20 Sevilla
89%
Incomings Turkey CB Merih Demiral 22/23 Juventus
89%
Outgoings Turkey CB Merih Demiral 23/24 Al-Ahli
89%
Incomings Nigeria SS Ademola Lookman 22/23 RB Leipzig
87%
Incomings Argentina GK Juan Musso 21/22 Udinese
87%
Incomings Germany LM Robin Gosens 17/18 Heracles Almelo
87%
Outgoings Germany LM Robin Gosens 22/23 Inter Milan
87%
Incomings Netherlands DM Teun Koopmeiners 21/22 AZ Alkmaar
87%
Incomings Ivory Coast LW Jeremie Boga 22/23 Sassuolo
84%
Outgoings Ivory Coast LW Jeremie Boga 23/24 Nice
84%
Incomings Belgium RB Timothy Castagne 17/18 Genk
84%
Outgoings Belgium RB Timothy Castagne 20/21 Leicester City
84%
Incomings Brazil CM Ederson 22/23 Salernitana
82%
Incomings Ivory Coast CM Franck Kessie 15/16 Stella Club
82%
Outgoings Ivory Coast CM Franck Kessie 19/20 Milan
82%
Incomings Russia AM Aleksey Miranchuk 20/21 Lokomotiv Moscow
79%
Outgoings Italy CB Alessandro Bastoni 17/18 Inter Milan
76%
Incomings Italy RM Davide Zappacosta 21/22 Chelsea
76%
Outgoings Italy RM Davide Zappacosta 15/16 Torino
76%
Outgoings Sweden RW Dejan Kulusevski 19/20 Juventus
76%
Incomings Switzerland CM Remo Freuler 15/16 Luzern
76%
Outgoings Switzerland CM Remo Freuler 22/23 Nottingham Forest
76%
Incomings Ukraine AM Ruslan Malinovskyi 19/20 Genk
76%
Outgoings Ukraine AM Ruslan Malinovskyi 23/24 Marseille
76%
Outgoings Ivory Coast RW Amad Diallo 20/21 Manchester United
74%
Incomings Mali ST El Bilal Toure 23/24 Almeria
74%
Incomings Argentina LW Papu Gomez 14/15 Metalist Kharkiv
74%
Outgoings Argentina LW Papu Gomez 20/21 Sevilla
74%
Incomings Netherlands LM Mitchel Bakker 23/24 Bayer Leverkusen
71%
Incomings Italy CB Gianluca Mancini 16/17 Perugia
68%
Outgoings Italy CB Gianluca Mancini 20/21 Roma
68%
Outgoings Italy CB Gianluca Mancini 19/20 Roma
68%
Outgoings Italy ST Filippo Inzaghi 97/98 Juventus
66%
Incomings Slovenia AM Josip Ilicic 17/18 Fiorentina
66%
Outgoings Italy CB Mattia Caldara 16/17 Juventus
66%
Incomings Albania GK Etrit Berisha 17/18 Lazio
63%
Outgoings Albania GK Etrit Berisha 20/21 SPAL
63%
Incomings Italy CB Rafael Toloi 15/16 Sao Paulo
63%
Incomings Belgium AM Charles De Ketelaere 23/24 Milan
61%
Incomings Netherlands RM Hans Hateboer 16/17 Groningen
61%
Incomings Italy CM Matteo Pessina 17/18 Milan
61%
Outgoings Italy CM Matteo Pessina 23/24 Monza
61%
Outgoings Italy CM Matteo Pessina 22/23 Monza
61%
Incomings Italy GK Pierluigi Gollini 18/19 Aston Villa
61%
Outgoings Italy RB Andrea Conti 17/18 Milan
58%
Incomings Italy DM Bryan Cristante 18/19 Benfica
58%
Outgoings Italy DM Bryan Cristante 19/20 Roma
58%
Outgoings Italy DM Bryan Cristante 18/19 Roma
58%
Outgoings Gambia LW Musa Barrow 21/22 Bologna
58%
Outgoings Italy CM Roberto Gagliardini 17/18 Inter Milan
58%
Outgoings Italy CM Roberto Gagliardini 16/17 Inter Milan
58%
Incomings Italy ST Andrea Petagna 15/16 Milan
55%
Outgoings Italy ST Andrea Petagna 19/20 SPAL
55%
Outgoings Italy ST Andrea Petagna 18/19 SPAL
55%
Incomings Denmark ST Andreas Cornelius 17/18 Kobenhavn
53%
Outgoings Denmark ST Andreas Cornelius 21/22 Parma
53%
Outgoings Denmark ST Andreas Cornelius 18/19 Bordeaux
53%
Incomings Argentina CB Jose Luis Palomino 17/18 Ludogorets Razgrad
53%
Incomings Brazil CB Roger Ibanez 18/19 Fluminense
50%
Outgoings Brazil CB Roger Ibanez 21/22 Roma
50%
Incomings Netherlands ST Sam Lammers 20/21 PSV
50%
Outgoings Netherlands ST Sam Lammers 21/22 Eintracht Frankfurt
50%
Outgoings Netherlands ST Sam Lammers 23/24 Rangers
50%
Outgoings Italy ST Christian Vieri 96/97 Juventus
47%
Incomings Sweden RM Emil Holm 23/24 Spezia
42%
Incomings Argentina ST German Denis 12/13 Udinese
42%
Incomings Italy ST Alberto Paloschi 16/17 Swansea City
39%
Outgoings Italy ST Alberto Paloschi 18/19 SPAL
39%
Outgoings Italy ST Alberto Paloschi 17/18 SPAL
39%
Outgoings Italy GK Andrea Consigli 14/15 Sassuolo
39%
Incomings Italy CB Matteo Lovato 21/22 Hellas Verona
39%
Outgoings Italy CB Matteo Lovato 22/23 Salernitana
39%
Outgoings Italy CB Matteo Lovato 21/22 Cagliari
39%
Incomings Croatia CB Bosko Sutalo 19/20 Osijek
37%
Outgoings Croatia CB Bosko Sutalo 22/23 Dinamo Zagreb
37%
Incomings France RM Brandon Soppy 22/23 Udinese
37%
Incomings Slovenia CM Jasmin Kurtic 15/16 Sassuolo
37%
Outgoings Slovenia CM Jasmin Kurtic 18/19 SPAL
37%
Incomings Argentina AM Maxi Moralez 11/12 Velez Sarsfield
37%
Outgoings Argentina AM Maxi Moralez 15/16 Leon
37%
Incomings Italy CB Andrea Masiello 11/12 Bari
32%
Incomings Poland LB Arkadiusz Reca 18/19 Wisla Plock
32%
Outgoings Poland LB Arkadiusz Reca 22/23 Spezia
32%
Outgoings Poland LB Arkadiusz Reca 21/22 Spezia
32%
Outgoings Italy CM Giacomo Bonaventura 14/15 Milan
32%
Incomings Germany LB Lennart Czyborra 19/20 Heracles Almelo
32%
Outgoings Germany LB Lennart Czyborra 21/22 Genoa
32%
Incomings Chile ST Mauricio Pinilla 15/16 Genoa
32%
Incomings Tunisia CB Yohan Benalouane 14/15 Parma
32%
Outgoings Tunisia CB Yohan Benalouane 15/16 Leicester City
32%
Incomings Italy DM Luca Cigarini 08/09 Parma
29%
Incomings Italy DM Luca Cigarini 13/14 Napoli
29%
Outgoings Italy DM Luca Cigarini 09/10 Napoli
29%
Outgoings Italy DM Luca Cigarini 16/17 Sampdoria
29%
Outgoings Italy CM Daniele Baselli 15/16 Torino
26%
Outgoings Ivory Coast ST Emmanuel Latte Lath 23/24 Middlesbrough
26%
Incomings Croatia ST Marko Livaja 12/13 Inter Milan
26%
Outgoings Croatia ST Marko Livaja 14/15 Rubin Kazan
26%
Outgoings Italy RM Roberto Donadoni 86/87 Milan
26%
Incomings Italy ST Manolo Gabbiadini 11/12 Cittadella
24%
Outgoings Italy ST Manolo Gabbiadini 12/13 Juventus
24%
Outgoings Switzerland CM Nicolas Haas 21/22 Empoli
24%
Outgoings Italy ST Roberto Piccoli 21/22 Genoa
24%
Incomings Nigeria ST Stephen Makinwa 04/05 Genoa
24%
Outgoings Nigeria ST Stephen Makinwa 05/06 Palermo
24%
Outgoings Italy DM Alberto Grassi 15/16 Napoli
21%
Outgoings Italy AM Andrea Colpani 22/23 Monza
21%
Outgoings Italy DM Riccardo Montolivo 05/06 Fiorentina
21%
Outgoings Italy AM Domenico Morfeo 97/98 Fiorentina
18%
Incomings Argentina RW Emiliano Rigoni 18/19 Zenit
18%
Incomings Italy CM Simone Muratore 20/21 Juventus
18%
Outgoings Italy CM Simone Padoin 11/12 Juventus
18%
Incomings Chile DM Carlos Carmona 10/11 Reggina
16%
Incomings Italy LB Davide Brivio 12/13 Lecce
16%
Outgoings Italy LB Davide Brivio 16/17 Genoa
16%
Incomings Paraguay CM Edgar Barreto 09/10 Reggina
16%
Outgoings Paraguay CM Edgar Barreto 11/12 Palermo
16%
Incomings Bosnia CB Ervin Zukanovic 16/17 Roma
16%
Outgoings Italy CM Giulio Migliaccio 07/08 Palermo
16%
Outgoings Italy GK Ivan Pelizzoli 01/02 Roma
16%
Incomings Italy RW Marco D'Alessandro 14/15 Roma
16%
Outgoings Italy RW Marco D'Alessandro 20/21 SPAL
16%
Outgoings Italy ST Maurizio Ganz 95/96 Inter Milan
16%
Incomings Ecuador LW Bryan Cabezas 16/17 Independiente del Valle
13%
Incomings Italy CB Davide Bettella 18/19 Inter Milan
13%
Outgoings Italy CB Davide Bettella 22/23 Monza
13%
Outgoings Italy RB Ezequiel Schelotto 12/13 Inter Milan
13%
Incomings Italy RB Federico Mattiello 17/18 Juventus
13%
Outgoings Italy RB Federico Mattiello 18/19 Bologna
13%
Outgoings Italy CM Filippo Melegoni 22/23 Genoa
13%
Outgoings Italy ST Giampaolo Pazzini 04/05 Fiorentina
13%
Incomings Austria RB Gyorgy Garics 08/09 Napoli
13%
Outgoings Austria RB Gyorgy Garics 10/11 Bologna
13%
Incomings Croatia ST Igor Budan 03/04 Palermo
13%
Outgoings Croatia ST Igor Budan 06/07 Palermo
13%
Incomings Italy ST Luca Saudati 01/02 Milan
13%
Outgoings Italy ST Luca Saudati 02/03 Empoli
13%
Incomings Italy CB Luigi Sala 01/02 Milan
13%
Incomings Italy CB Marco Varnier 18/19 Cittadella
13%
Incomings Italy CB Marco Varnier 19/20 Cittadella
13%
Outgoings Italy DM Massimo Donati 01/02 Milan
13%
Outgoings France DM Ousmane Dabo 03/04 Lazio
13%
Incomings Ghana ST Richmond Boakye 14/15 Juventus
13%
Outgoings Ghana ST Richmond Boakye 16/17 Latina
13%
Incomings Italy ST Simone Tiribocchi 09/10 Lecce
13%
Outgoings Brazil RB Adriano 07/08 Monaco
11%
Outgoings Italy CM Andrea Lazzari 08/09 Cagliari
11%
Incomings Romania RB Constantin Nica 13/14 Dinamo Bucharest
11%
Outgoings Italy RB Enrico Del Prato 22/23 Parma
11%
Incomings Australia AM James Troisi 12/13 Juventus
11%
Outgoings Australia AM James Troisi 14/15 Juventus
11%
Incomings Italy CM Luca Valzania 15/16 Cesena
11%
Outgoings Italy CM Luca Valzania 22/23 Cremonese
11%
Outgoings Italy RB Luciano Zauri 03/04 Lazio
11%
Incomings Italy ST Marco Tumminello 18/19 Roma
11%
Incomings Italy ST Matteo Ardemagni 10/11 Cittadella
11%
Incomings Argentina CB Maximiliano Pellegrino 07/08 Velez Sarsfield
11%
Outgoings Brazil LW Pia 04/05 Napoli
11%
Incomings Italy LB Fabio Eguelfi 17/18 Inter Milan
8%
Incomings Italy LB Federico Peluso 08/09 AlbinoLeffe
8%
Outgoings Italy LB Federico Peluso 13/14 Juventus
8%
Outgoings Italy LB Federico Peluso 12/13 Juventus
8%
Incomings Italy ST Guido Marilungo 10/11 Sampdoria
8%
Outgoings Chile CM Jaime Valdes 10/11 Sporting CP
8%
Incomings Argentina AM Leonardo Rodriguez 92/93 Marseille
8%
Incomings Italy ST Luca Vido 17/18 Milan
8%
Incomings Italy DM Marco Carraro 18/19 Inter Milan
8%
Incomings Albania DM Migjen Basha 10/11 Frosinone
8%
Outgoings Albania DM Migjen Basha 12/13 Torino
8%
Outgoings Ivory Coast DM Moussa Kone 15/16 Cesena
8%
Incomings Italy DM Riccardo Cazzola 12/13 Juve Stabia
8%
Incomings Italy ST Robert Acquafresca 09/10 Genoa
8%
Outgoings Italy ST Sergio Floccari 09/10 Genoa
8%
Outgoings Italy CM Tiberio Guarente 10/11 Sevilla
8%
Incomings Italy GK Alessandro Santopadre 16/17 Perugia
5%
Outgoings Italy DM Alessio Tacchinardi 94/95 Juventus
5%
Outgoings Italy ST Daniel Osvaldo 07/08 Fiorentina
5%
Incomings Uruguay ST Federico Magallanes 96/97 Penarol
5%
Outgoings Uruguay ST Federico Magallanes 98/99 Real Madrid
5%
Outgoings Italy AM Federico Varano 15/16 Cesena
5%
Outgoings Argentina DM Fernando Tissone 08/09 Udinese
5%
Outgoings Italy CM Gianluca Barba 15/16 Pescara
5%
Incomings North Macedonia CM Isnik Alimi 15/16 Chievo Verona
5%
Incomings Serbia DM Ivan Radovanovic 07/08 Partizan Belgrade
5%
Incomings Italy LW Leonardo Pettinari 10/11 Cittadella
5%
Outgoings Italy RB Marco Motta 05/06 Udinese
5%
Incomings Italy CB Matteo Contini 12/13 Siena
5%
Incomings Italy CB Michele Canini 12/13 Genoa
5%
Outgoings Italy CB Michele Canini 05/06 Cagliari
5%
Incomings Italy CB Moris Carrozzieri 06/07 Sampdoria
5%
Outgoings Italy CB Moris Carrozzieri 08/09 Palermo
5%
Incomings Italy ST Nicola Amoruso 09/10 Parma
5%
Outgoings Italy CM Nicola Mingazzini 05/06 Bologna
5%
Incomings France CB Prince Gouano 13/14 Juventus
5%
Incomings Uruguay ST Ruben Bentancourt 13/14 PSV
5%
Outgoings Italy GK Simone Colombi 14/15 Cagliari
5%
Outgoings Italy ST Cristiano Lucarelli 98/99 Valencia
3%
Incomings Italy CB Duccio Innocenti 03/04 Lazio
3%
Incomings Sweden CM Robert Prytz 88/89 Bayer Uerdingen
3%
Outgoings Brazil CB Rodrigo Guth 22/23 Fortuna Sittard
3%
No matching quizzes found
Score Distribution
Percent of People with Each Score
Percentile by Number Answered
Your Score History
You have not taken this quiz